Statistics for Black ops 2 maps

Click here to take the quiz!

General Stats

  • This quiz has been taken 915 times
    (903 since last reset)
  • The average score is 9 of 15

Answer Stats

HintAnswer% Correct
YYemen
84%
HHijacked
76%
RRaid
75%
SStandoff
71%
NNuketown 2025
69%
CCarrier
65%
AAftermath
63%
SSlums
63%
DDrone
58%
TTurbine
58%
CCargo
57%
EExpress
55%
PPlaza
53%
MMeltdown
51%
OOverflow
45%

Score Distribution

Percentile by Number Answered

Percent of People with Each Score

Your Score History

You have not taken this quiz since the last reset